| 000 | 00788nam a2200229 4500 | ||
|---|---|---|---|
| 003 | OSt | ||
| 005 | 20221116160440.0 | ||
| 008 | 221111b |||||||| |||| 00| 0 eng d | ||
| 020 | _a84 482 2590 2 | ||
| 040 | _cBiblioteca Lado V | ||
| 082 |
_a750 _bC744r |
||
| 100 |
_etextos _9437 _aGarneria, Jose |
||
| 245 |
_aRipolles/ _bEntre dos Milenios/ |
||
| 260 |
_c2000 _aValencia _bCensell General del Consorci de Museus de la Comunitat Valenciana |
||
| 300 |
_a211p. _c17x25cm |
||
| 650 |
_2Tesauro de Arte & Arquitectura _aARTE |
||
| 650 |
_2Tesauro de Arte & Arquitectura _aCATALOGO |
||
| 650 |
_2Tesauro de Arte & Arquitectura _aARTE ESPAÑOL |
||
| 650 | _2Tesauro de Arte & Arquitectura | ||
| 700 |
_aXuriguera, Gerard _etextos |
||
| 942 |
_2ddc _c1 _h750 _iC744r _n0 |
||
| 999 |
_c2655 _d2655 |
||